| 000 | 00485nam a2200193Ia 4500 | ||
|---|---|---|---|
| 003 | GCL | ||
| 008 | 140319s9999 xx 000 0 eng d | ||
| 040 |
_aGCL / _cGCL |
||
| 082 | 0 | 4 |
_a725.94 _bY H |
| 100 | 1 | _aYOUNG, JAMES E | |
| 245 | 1 | 0 |
_aHOLACAUST MEMORIAFS: THE ART OF MEMORY IN HISTORY / _cYOUNG, JAMES E |
| 260 |
_a[S.N] : _bRESTEL |
||
| 300 | _a194 P | ||
| 650 | 0 | 4 | _aMEMORIAL BUILDING |
| 650 | 0 | 4 | _aHALOCAURT |
| 650 | 0 | 4 | _aARTS |
| 650 | 0 | 4 | _aARCHITECTURE |
| 942 |
_2ddc _cBK |
||
| 999 |
_c15337 _d15337 |
||